Statistics for Famous Golfer by Picture

Click here to take the quiz!

General Stats

  • This quiz has been taken 145 times
  • The average score is 15 of 20

Answer Stats

Answer% Correct
Tiger Woods
99%
Phil Mickelson
88%
Rory McIlroy
87%
Rickie Fowler
82%
John Daly
81%
Collin Morikawa
79%
Dustin Johnson
79%
Jordan Spieth
79%
Jon Rahm
78%
Justin Thomas
77%
Bryson DeChambeau
75%
Cameron Smith
75%
Scottie Scheffler
74%
Tony Finau
74%
Viktor Hovland
73%
Justin Rose
69%
Brooks Koepka
68%
Patrick Reed
64%
Tyrrell Hatton
64%
Xander Schauffele
55%

Score Distribution

Percentile by Number Answered

Percent of People with Each Score

Your Score History

You have not taken this quiz